[Event "London CC-ch A"]
[Site "London CAN"]
[Date "2009.04.16"]
[Round "5"]
[White "Thomas, Daniel"]
[Black "Surlan, Dan"]
[Result "1-0"]
[WhiteElo "2124"]
[BlackElo "2159"]
[PlyCount "122"]
[GameId "2160767910231374"]
[EventDate "2009.03.19"]
[EventType "tourn"]
[EventRounds "12"]
[EventCountry "CAN"]
[SourceTitle "EXT 2022"]
[Source "ChessBase"]
[SourceDate "2021.10.06"]
[SourceVersion "1"]
[SourceVersionDate "2021.10.06"]
[SourceQuality "1"]

1. d4 Nf6 2. c4 e5 3. dxe5 Ng4 4. Nf3 Bc5 5. e3 Nc6 6. Nc3 Qe7 7. Be2 Ngxe5 8. a3 a5 9. Nd5 Qd8 10. Bd2 Nxf3+ 11. Bxf3 Ne5 12. Be2 c6 13. Nc3 O-O 14. O-O d5 15. cxd5 cxd5 16. Qc2 d4 17. exd4 Bxd4 18. Nb5 Bb6 19. Rad1 Qf6 20. Bc3 Qg5 21. Qe4 f6 22. h4 Qf5 23. Qxf5 Bxf5 24. Nd6 Bc8 25. Bxe5 fxe5 26. Bc4+ Kh8 27. Nf7+ Rxf7 28. Bxf7 Bd4 29. Rd2 Bd7 30. Bd5 Rb8 31. Rc1 b6 32. Rc7 Rd8 33. Kh2 Bf5 34. Bc6 h6 35. g3 Kh7 36. Re7 Rf8 37. Kg2 Kg6 38. f3 Rc8 39. Bd5 h5 40. Be6 Bxe6 41. Rxe6+ Kf5 42. Re7 Kf6 43. Rb7 Rc6 44. f4 g6 45. fxe5+ Kxe5 46. Re7+ Kf6 47. Re4 Bc5 48. Kf3 g5 49. hxg5+ Kxg5 50. Re5+ Kg6 51. Rdd5 Rf6+ 52. Ke4 Rf2 53. Rg5+ Kf6 54. Rgf5+ Rxf5 55. Rxf5+ Kg6 56. Rd5 Bf2 57. Kf3 Bc5 58. g4 hxg4+ 59. Kxg4 Kf6 60. Kf4 Ke6 61. Ke4 Bf2 1-0

[Event "London CC-ch A"]
[Site "London CAN"]
[Date "2009.04.28"]
[Round "5"]
[White "Ehrman, Carl"]
[Black "Zendrowski, Jay"]
[Result "1/2-1/2"]
[WhiteElo "2116"]
[BlackElo "2275"]
[PlyCount "55"]
[GameId "2160767910231375"]
[EventDate "2009.03.19"]
[EventType "tourn"]
[EventRounds "12"]
[EventCountry "CAN"]
[SourceTitle "EXT 2022"]
[Source "ChessBase"]
[SourceDate "2021.10.06"]
[SourceVersion "1"]
[SourceVersionDate "2021.10.06"]
[SourceQuality "1"]

1. c4 c5 2. Nc3 Nc6 3. g3 Nf6 4. Bg2 e6 5. e4 Be7 6. Nge2 a6 7. O-O Qc7 8. b3 O-O 9. d4 cxd4 10. Nxd4 Nxd4 11. Qxd4 d6 12. Bb2 Bd7 13. Rac1 Rac8 14. h3 Rfd8 15. Kh2 Qb8 16. a4 b5 17. cxb5 axb5 18. a5 b4 19. Na2 Rc5 20. Nxb4 Rxa5 21. Bc3 Rb5 22. Ra1 Ne8 23. Ra6 Bf6 24. e5 Bxe5 25. Qd2 Bxc3 26. Qxc3 Rxb4 27. Ra8 Rxb3 28. Rxb8 1/2-1/2

[Event "London CC-ch A"]
[Site "London CAN"]
[Date "2009.04.23"]
[Round "6"]
[White "Demmery, Steve"]
[Black "Thomas, Daniel"]
[Result "1-0"]
[WhiteElo "2125"]
[BlackElo "2124"]
[PlyCount "55"]
[GameId "2160767910231376"]
[EventDate "2009.03.19"]
[EventType "tourn"]
[EventRounds "12"]
[EventCountry "CAN"]
[SourceTitle "EXT 2022"]
[Source "ChessBase"]
[SourceDate "2021.10.06"]
[SourceVersion "1"]
[SourceVersionDate "2021.10.06"]
[SourceQuality "1"]

1. d4 Nf6 2. c4 e6 3. g3 c5 4. Nf3 g6 5. Nc3 d5 6. cxd5 exd5 7. Bg5 Bg7 8. dxc5 Qa5 9. Qd2 Na6 10. Bg2 O-O 11. O-O Qxc5 12. Rac1 Be6 13. Nd4 Qb6 14. Rfd1 Nc5 15. Qf4 Nce4 16. Na4 Qb4 17. Bxf6 Bxf6 18. Bxe4 dxe4 19. Qxf6 Bxa2 20. Nc3 Bc4 21. b3 Bxb3 22. Nxb3 Qxb3 23. Nd5 Rfe8 24. Ne7+ Rxe7 25. Qxe7 a5 26. Rd8+ Rxd8 27. Qxd8+ Kg7 28. Qxa5 1-0

[Event "London CC-ch A"]
[Site "London CAN"]
[Date "2009.04.23"]
[Round "6"]
[White "Francis, Robert James"]
[Black "Riley, Kelly"]
[Result "1-0"]
[WhiteElo "1909"]
[BlackElo "2005"]
[PlyCount "63"]
[GameId "2160767910231377"]
[EventDate "2009.03.19"]
[EventType "tourn"]
[EventRounds "12"]
[EventCountry "CAN"]
[SourceTitle "EXT 2022"]
[Source "ChessBase"]
[SourceDate "2021.10.06"]
[SourceVersion "1"]
[SourceVersionDate "2021.10.06"]
[SourceQuality "1"]

1. c4 Nf6 2. Nc3 g6 3. g3 Bg7 4. Bg2 O-O 5. Nf3 d5 6. cxd5 Nxd5 7. O-O c5 8. Qb3 Nxc3 9. dxc3 Qc7 10. e4 Na6 11. Be3 Rb8 12. a4 h6 13. Rfd1 Bd7 14. Bf4 e5 15. Nxe5 Bxa4 16. Qxa4 Bxe5 17. Bxh6 Rfd8 18. Bg5 f6 19. Qc4+ Kg7 20. Be3 b5 21. Qe6 Rb6 22. Qh3 g5 23. Rd5 Rbd6 24. Rad1 b4 25. f4 Rxd5 26. Rxd5 gxf4 27. gxf4 Rxd5 28. exd5 Bxf4 29. Qg4+ Bg5 30. h4 Qe5 31. Bd2 bxc3 32. bxc3 1-0

[Event "London CC-ch A"]
[Site "London CAN"]
[Date "2009.04.23"]
[Round "6"]
[White "Mandoshkin, Jake"]
[Black "Ruelland, Geoffrey"]
[Result "0-1"]
[WhiteElo "1959"]
[BlackElo "1989"]
[PlyCount "62"]
[GameId "2160767910231378"]
[EventDate "2009.03.19"]
[EventType "tourn"]
[EventRounds "12"]
[EventCountry "CAN"]
[SourceTitle "EXT 2022"]
[Source "ChessBase"]
[SourceDate "2021.10.06"]
[SourceVersion "1"]
[SourceVersionDate "2021.10.06"]
[SourceQuality "1"]

1. e4 c5 2. Nf3 e6 3. Nc3 a6 4. d4 cxd4 5. Nxd4 Qc7 6. Be2 Nf6 7. a3 Bc5 8. Be3 O-O 9. Bf3 d6 10. Qd2 Nbd7 11. O-O-O Ne5 12. Bg5 Nc4 13. Qf4 Nd7 14. h4 Nde5 15. h5 Bxd4 16. Rxd4 Qb6 17. Rxc4 Nxc4 18. Na4 Qa5 19. h6 e5 20. Qg3 g6 21. Be7 Qxa4 22. Bxf8 Kxf8 23. Qg5 Qa5 24. Qf6 Qb6 25. b3 Nxa3 26. Qg7+ Ke7 27. Qxh7 Qxf2 28. Bd1 Be6 29. Qg7 Rc8 30. c4 Nxc4 31. h7 Qb2# 0-1

[Event "London CC-ch A"]
[Site "London CAN"]
[Date "2009.04.23"]
[Round "6"]
[White "Surlan, Dan"]
[Black "Ehrman, Carl"]
[Result "0-1"]
[WhiteElo "2159"]
[BlackElo "2116"]
[PlyCount "26"]
[GameId "2160767910231379"]
[EventDate "2009.03.19"]
[EventType "tourn"]
[EventRounds "12"]
[EventCountry "CAN"]
[SourceTitle "EXT 2022"]
[Source "ChessBase"]
[SourceDate "2021.10.06"]
[SourceVersion "1"]
[SourceVersionDate "2021.10.06"]
[SourceQuality "1"]

1. f3 e5 2. Nh3 d5 3. Nf2 Nf6 4. b3 Bc5 5. e3 Nc6 6. Bb5 O-O 7. c3 d4 8. O-O Ne7 9. Qe2 c6 10. Bd3 a5 11. Na3 dxe3 12. dxe3 Ned5 13. Ne4 Nf4 0-1

[Event "London CC-ch A"]
[Site "London CAN"]
[Date "2009.04.23"]
[Round "6"]
[White "Van der Velde, Bill"]
[Black "Coleman, Mike"]
[Result "0-1"]
[WhiteElo "1908"]
[BlackElo "2101"]
[PlyCount "54"]
[GameId "2160767910231380"]
[EventDate "2009.03.19"]
[EventType "tourn"]
[EventRounds "12"]
[EventCountry "CAN"]
[SourceTitle "EXT 2022"]
[Source "ChessBase"]
[SourceDate "2021.10.06"]
[SourceVersion "1"]
[SourceVersionDate "2021.10.06"]
[SourceQuality "1"]

1. d4 Nf6 2. Bf4 e6 3. e3 c5 4. c3 Nc6 5. Nf3 Be7 6. Bd3 Nh5 7. Bg3 cxd4 8. exd4 d6 9. Nbd2 f5 10. h3 Nxg3 11. fxg3 e5 12. Bb5 O-O 13. Bxc6 bxc6 14. dxe5 Rb8 15. O-O Ba6 16. Re1 Rxb2 17. Nb3 Qb6+ 18. Kh1 Qf2 19. Nbd2 dxe5 20. Rxe5 Bf6 21. Rxf5 Bxc3 22. Rxf8+ Kxf8 23. Qa4 Rxd2 24. Qf4+ Bf6 25. Qb8+ Rd8 26. Qb4+ c5 27. Qa5 Bf1 0-1

[Event "London CC-ch A"]
[Site "London CAN"]
[Date "2009.04.23"]
[Round "6"]
[White "Zendrowski, Jay"]
[Black "Gibson, Kevin"]
[Result "0-1"]
[WhiteElo "2275"]
[BlackElo "2107"]
[PlyCount "83"]
[GameId "2160767910231381"]
[EventDate "2009.03.19"]
[EventType "tourn"]
[EventRounds "12"]
[EventCountry "CAN"]
[SourceTitle "EXT 2022"]
[Source "ChessBase"]
[SourceDate "2021.10.06"]
[SourceVersion "1"]
[SourceVersionDate "2021.10.06"]
[SourceQuality "1"]

1. d4 Nf6 2. c4 g6 3. Nc3 Bg7 4. e4 d6 5. Nf3 O-O 6. g3 Nc6 7. Bg2 e5 8. d5 Ne7 9. O-O a5 10. Ne1 Nd7 11. Be3 f5 12. f3 f4 13. Bf2 g5 14. Bh3 Nc5 15. Bxc8 Nxc8 16. g4 Bf6 17. a3 Nb6 18. b4 axb4 19. axb4 Rxa1 20. Qxa1 Nb3 21. Qa2 Nd4 22. c5 Nd7 23. Qc4 Kg7 24. Nb5 Nxb5 25. Qxb5 Be7 26. Nd3 Nf6 27. Rc1 h5 28. h3 hxg4 29. hxg4 Nxg4 30. cxd6 Bxd6 31. Bc5 Ne3 32. Qxb7 Rf7 33. Bxd6 cxd6 34. Qc8 Qb6 35. Nf2 Qxb4 36. Qh3 Qd2 37. Ra1 Rc7 38. Qh5 Rc1+ 39. Rxc1 Qxc1+ 40. Kh2 Qd2 41. Qxg5+ Kf7 42. Qh4 0-1

[Event "London CC-ch A"]
[Site "London CAN"]
[Date "2009.04.30"]
[Round "7"]
[White "Coleman, Mike"]
[Black "Zendrowski, Jay"]
[Result "0-1"]
[WhiteElo "2101"]
[BlackElo "2275"]
[PlyCount "62"]
[GameId "2160767910231382"]
[EventDate "2009.03.19"]
[EventType "tourn"]
[EventRounds "12"]
[EventCountry "CAN"]
[SourceTitle "EXT 2022"]
[Source "ChessBase"]
[SourceDate "2021.10.06"]
[SourceVersion "1"]
[SourceVersionDate "2021.10.06"]
[SourceQuality "1"]

1. d4 d5 2. Nf3 Nf6 3. c4 e6 4. Nc3 c6 5. e3 a6 6. Qc2 Nbd7 7. e4 dxe4 8. Nxe4 Nxe4 9. Qxe4 Bb4+ 10. Bd2 Nf6 11. Qc2 Bxd2+ 12. Qxd2 O-O 13. Bd3 c5 14. dxc5 Qc7 15. O-O e5 16. Qc2 Qxc5 17. Rfe1 Re8 18. Ng5 h6 19. Ne4 Nxe4 20. Bxe4 Be6 21. Rac1 Re7 22. Bh7+ Kf8 23. Bf5 Rd8 24. Bxe6 Rxe6 25. Qc3 Rd4 26. b4 Qe7 27. g3 Red6 28. c5 R6d5 29. a3 Rd3 30. Qb2 Qf6 31. Rc3 Rd2 0-1

[Event "London CC-ch A"]
[Site "London CAN"]
[Date "2009.04.30"]
[Round "7"]
[White "Ehrman, Carl"]
[Black "Demmery, Steve"]
[Result "1/2-1/2"]
[WhiteElo "2116"]
[BlackElo "2125"]
[PlyCount "33"]
[GameId "2160767910231383"]
[EventDate "2009.03.19"]
[EventType "tourn"]
[EventRounds "12"]
[EventCountry "CAN"]
[SourceTitle "EXT 2022"]
[Source "ChessBase"]
[SourceDate "2021.10.06"]
[SourceVersion "1"]
[SourceVersionDate "2021.10.06"]
[SourceQuality "1"]

1. e4 d5 2. exd5 Nf6 3. Nf3 Nxd5 4. d4 g6 5. c4 Nb6 6. Be3 Bg7 7. h3 Nc6 8. Nc3 O-O 9. Be2 e5 10. dxe5 Nxe5 11. Nxe5 Bxe5 12. O-O Qxd1 13. Raxd1 Be6 14. Bd4 Bxd4 15. Rxd4 Rad8 16. Rfd1 Rxd4 17. Rxd4 1/2-1/2

[Event "London CC-ch A"]
[Site "London CAN"]
[Date "2009.04.30"]
[Round "7"]
[White "Gibson, Kevin"]
[Black "Surlan, Dan"]
[Result "1-0"]
[WhiteElo "2107"]
[BlackElo "2159"]
[PlyCount "44"]
[GameId "2160767910231384"]
[EventDate "2009.03.19"]
[EventType "tourn"]
[EventRounds "12"]
[EventCountry "CAN"]
[SourceTitle "EXT 2022"]
[Source "ChessBase"]
[SourceDate "2021.10.06"]
[SourceVersion "1"]
[SourceVersionDate "2021.10.06"]
[SourceQuality "1"]

1. d4 Nf6 2. c4 e6 3. Nf3 d5 4. e3 c6 5. Nbd2 Nbd7 6. Bd3 Bd6 7. O-O O-O 8. e4 dxe4 9. Nxe4 Nxe4 10. Bxe4 Nf6 11. Bb1 Re8 12. Bg5 h6 13. Bh4 Be7 14. a3 b6 15. Qc2 Bb7 16. Rd1 Qc7 17. Bg3 Qc8 18. c5 Kf8 19. Ne5 Rd8 20. b4 a5 21. bxa5 bxc5 22. Nc4 Rxd4 1-0

[Event "London CC-ch A"]
[Site "London CAN"]
[Date "2009.04.30"]
[Round "7"]
[White "Riley, Kelly"]
[Black "Van der Velde, Bill"]
[Result "1/2-1/2"]
[WhiteElo "2005"]
[BlackElo "1908"]
[PlyCount "67"]
[GameId "2160767910231385"]
[EventDate "2009.03.19"]
[EventType "tourn"]
[EventRounds "12"]
[EventCountry "CAN"]
[SourceTitle "EXT 2022"]
[Source "ChessBase"]
[SourceDate "2021.10.06"]
[SourceVersion "1"]
[SourceVersionDate "2021.10.06"]
[SourceQuality "1"]

1. c4 c5 2. Nc3 Nc6 3. g3 Nf6 4. Bg2 d6 5. Nf3 g6 6. d4 cxd4 7. Nxd4 Bd7 8. O-O Bg7 9. Nxc6 Bxc6 10. Nd5 Nxd5 11. cxd5 Bd7 12. Qb3 b6 13. Bg5 h6 14. Be3 O-O 15. Rfd1 Rc8 16. Rac1 Rxc1 17. Rxc1 Qb8 18. Rc4 Rc8 19. Rh4 g5 20. Rb4 Rc7 21. h4 f6 22. a4 Qc8 23. a5 b5 24. Qd3 a6 25. hxg5 hxg5 26. Bd2 Rc4 27. Rxc4 bxc4 28. Qe3 e5 29. dxe6 Bxe6 30. Qb6 d5 31. Bc3 f5 32. Bxg7 Kxg7 33. Qd4+ Kg6 34. Qb6 1/2-1/2

[Event "London CC-ch A"]
[Site "London CAN"]
[Date "2009.04.30"]
[Round "7"]
[White "Ruelland, Geoffrey"]
[Black "Francis, Robert James"]
[Result "1-0"]
[WhiteElo "1989"]
[BlackElo "1909"]
[PlyCount "55"]
[GameId "2160767910231386"]
[EventDate "2009.03.19"]
[EventType "tourn"]
[EventRounds "12"]
[EventCountry "CAN"]
[SourceTitle "EXT 2022"]
[Source "ChessBase"]
[SourceDate "2021.10.06"]
[SourceVersion "1"]
[SourceVersionDate "2021.10.06"]
[SourceQuality "1"]

1. e4 c6 2. d4 d5 3. f3 dxe4 4. fxe4 e5 5. Nf3 Be6 6. c3 Nf6 7. Bd3 Nbd7 8. O-O Qb6 9. Kh1 h6 10. Qe2 O-O-O 11. Be3 Qc7 12. Nbd2 Be7 13. b4 g5 14. b5 Nh5 15. bxc6 bxc6 16. Ba6+ Kb8 17. Rab1+ Nb6 18. Nxe5 Nf4 19. Rxf4 gxf4 20. Bxf4 Ka8 21. a4 Bd6 22. a5 f6 23. axb6 axb6 24. Ndc4 fxe5 25. Nxb6+ Ka7 26. Bc4 Bxc4 27. Nxc4 Qc8 28. Rb6 1-0

[Event "London CC-ch A"]
[Site "London CAN"]
[Date "2009.05.07"]
[Round "8"]
[White "Coleman, Mike"]
[Black "Surlan, Dan"]
[Result "1-0"]
[WhiteElo "2101"]
[BlackElo "2159"]
[PlyCount "57"]
[GameId "2160767910231387"]
[EventDate "2009.03.19"]
[EventType "tourn"]
[EventRounds "12"]
[EventCountry "CAN"]
[SourceTitle "EXT 2022"]
[Source "ChessBase"]
[SourceDate "2021.10.06"]
[SourceVersion "1"]
[SourceVersionDate "2021.10.06"]
[SourceQuality "1"]

1. e4 e5 2. Nf3 Nc6 3. Bc4 Bc5 4. c3 Nf6 5. d3 d6 6. Bb3 h6 7. h3 Bb6 8. O-O O-O 9. Re1 Be6 10. Bc2 Qe7 11. Nbd2 Qd7 12. Nf1 Rae8 13. Ba4 Qc8 14. Ng3 Bd7 15. Nh4 Ne7 16. Bxd7 Qxd7 17. Nhf5 Ng6 18. Qf3 Qe6 19. h4 Kh7 20. h5 Ne7 21. Nxe7 Rxe7 22. Nf5 Ree8 23. g4 Ng8 24. g5 hxg5 25. Bxg5 Nh6 26. Kh2 c6 27. Rg1 Rg8 28. Rg2 Bd8 29. Rag1 1-0

[Event "London CC-ch A"]
[Site "London CAN"]
[Date "2009.05.07"]
[Round "8"]
[White "Thomas, Daniel"]
[Black "Ehrman, Carl"]
[Result "1/2-1/2"]
[WhiteElo "2124"]
[BlackElo "2116"]
[PlyCount "110"]
[GameId "2160767910231388"]
[EventDate "2009.03.19"]
[EventType "tourn"]
[EventRounds "12"]
[EventCountry "CAN"]
[SourceTitle "EXT 2022"]
[Source "ChessBase"]
[SourceDate "2021.10.06"]
[SourceVersion "1"]
[SourceVersionDate "2021.10.06"]
[SourceQuality "1"]

1. e4 e6 2. d4 d5 3. Nc3 dxe4 4. f3 exf3 5. Nxf3 Nf6 6. Bg5 Be7 7. Qd2 Nbd7 8. O-O-O h6 9. Bf4 c6 10. Bd3 Qa5 11. Kb1 Bb4 12. Be5 Nxe5 13. Nxe5 Bxc3 14. bxc3 Nd5 15. Kb2 O-O 16. h4 c5 17. Nc4 Qb5+ 18. Ka1 cxd4 19. cxd4 Qb4 20. g4 b5 21. Qxb4 Nxb4 22. Be4 Nxc2+ 23. Kb2 Rb8 24. Ne5 Ne3 25. Rdg1 Nc4+ 26. Nxc4 bxc4+ 27. Kc3 Bb7 28. Bxb7 Rxb7 29. h5 f6 30. Rb1 Rfb8 31. Rxb7 Rxb7 32. Re1 Kf7 33. Kxc4 Rb2 34. a4 Rg2 35. Re4 Ke7 36. a5 Kd6 37. Kb5 Kd5 38. Rf4 Ra2 39. Ka6 Ra4 40. g5 hxg5 41. h6 gxh6 42. Rxf6 g4 43. Rxh6 g3 44. Rh5+ Kc4 45. Rg5 Ra3 46. Kxa7 Kxd4 47. a6 Ke4 48. Kb7 Kf3 49. Rg6 g2 50. Rf6+ Kg3 51. Rxe6 Kf2 52. Rg6 Rg3 53. Rxg3 Kxg3 54. a7 g1=Q 55. a8=Q Qg2+ 1/2-1/2

[Event "London CC-ch A"]
[Site "London CAN"]
[Date "2009.05.07"]
[Round "8"]
[White "Van der Velde, Bill"]
[Black "Ruelland, Geoffrey"]
[Result "0-1"]
[WhiteElo "1908"]
[BlackElo "1989"]
[PlyCount "66"]
[GameId "2160767910231389"]
[EventDate "2009.03.19"]
[EventType "tourn"]
[EventRounds "12"]
[EventCountry "CAN"]
[SourceTitle "EXT 2022"]
[Source "ChessBase"]
[SourceDate "2021.10.06"]
[SourceVersion "1"]
[SourceVersionDate "2021.10.06"]
[SourceQuality "1"]

1. d4 Nf6 2. Bf4 g6 3. e3 Bg7 4. c4 O-O 5. Be2 d5 6. Nc3 c5 7. dxc5 Qa5 8. Qa4 Qxc5 9. b4 Qc6 10. Rc1 Qxa4 11. Nxa4 Nc6 12. b5 Na5 13. c5 Bd7 14. Nf3 Ne4 15. Ne5 Be6 16. f3 Nf6 17. O-O Nh5 18. Nd3 Nc4 19. Nb4 Nxf4 20. exf4 Ne3 21. Rfe1 Rfc8 22. b6 Bd7 23. c6 Bxc6 24. Nxc6 Rxc6 25. Rxc6 bxc6 26. b7 Rb8 27. Ba6 Nf5 28. Kf1 Bd4 29. Rc1 Nd6 30. Rxc6 Nxb7 31. Rc7 Nd6 32. Rxe7 Rb4 33. Rd7 Nf5 0-1

[Event "London CC-ch A"]
[Site "London CAN"]
[Date "2009.05.07"]
[Round "8"]
[White "Zendrowski, Jay"]
[Black "Riley, Kelly"]
[Result "1-0"]
[WhiteElo "2275"]
[BlackElo "2005"]
[PlyCount "57"]
[GameId "2160767910231390"]
[EventDate "2009.03.19"]
[EventType "tourn"]
[EventRounds "12"]
[EventCountry "CAN"]
[SourceTitle "EXT 2022"]
[Source "ChessBase"]
[SourceDate "2021.10.06"]
[SourceVersion "1"]
[SourceVersionDate "2021.10.06"]
[SourceQuality "1"]

1. d4 Nf6 2. c4 g6 3. Nc3 d5 4. cxd5 Nxd5 5. e4 Nxc3 6. bxc3 Bg7 7. Nf3 c5 8. Be3 Qa5 9. Qd2 Nc6 10. Rc1 cxd4 11. cxd4 Qxd2+ 12. Kxd2 O-O 13. Bb5 Bd7 14. d5 Ne5 15. Bxd7 Nxd7 16. Rc7 Rfd8 17. Ke2 b6 18. Rd1 Nf6 19. Nd2 e6 20. dxe6 fxe6 21. f3 Rd7 22. Rxd7 Nxd7 23. Nb3 Ne5 24. Rd6 Re8 25. Nd4 Kf7 26. f4 Bf8 27. fxe5 Bxd6 28. exd6 e5 29. d7 1-0

[Event "London CC-ch A"]
[Site "London CAN"]
[Date "2009.05.14"]
[Round "9"]
[White "Coleman, Mike"]
[Black "Demmery, Steve"]
[Result "1-0"]
[WhiteElo "2101"]
[BlackElo "2125"]
[PlyCount "95"]
[GameId "2160767910231391"]
[EventDate "2009.03.19"]
[EventType "tourn"]
[EventRounds "12"]
[EventCountry "CAN"]
[SourceTitle "EXT 2022"]
[Source "ChessBase"]
[SourceDate "2021.10.06"]
[SourceVersion "1"]
[SourceVersionDate "2021.10.06"]
[SourceQuality "1"]

1. e4 d5 2. exd5 Nf6 3. d4 Nxd5 4. c4 Nb6 5. Nc3 g6 6. h3 Bg7 7. Nf3 O-O 8. Be2 Nc6 9. Be3 e5 10. dxe5 Nxe5 11. Nxe5 Bxe5 12. c5 Nd7 13. O-O b6 14. Qd5 c6 15. Qxc6 Rb8 16. Rad1 Qf6 17. Qxf6 Nxf6 18. cxb6 axb6 19. Bh6 Be6 20. Bxf8 Kxf8 21. f4 Bxc3 22. bxc3 Bxa2 23. Bf3 Rc8 24. Rd6 Kg7 25. Ra1 Be6 26. Ra7 Kf8 27. Ra8 Rxa8 28. Bxa8 b5 29. g4 Ke7 30. Rb6 Bd5 31. Rxf6 Bxa8 32. Rb6 Be4 33. Rxb5 Kd6 34. Kf2 h6 35. Ke3 Bg2 36. h4 Bh3 37. g5 hxg5 38. hxg5 Bg2 39. Kd4 Ke6 40. Rb6+ Ke7 41. c4 Kd7 42. Rf6 Ke7 43. c5 Bb7 44. c6 Bc8 45. Kc5 Bg4 46. Kb6 Be6 47. Rxe6+ Kxe6 48. c7 1-0

[Event "London CC-ch A"]
[Site "London CAN"]
[Date "2009.05.14"]
[Round "9"]
[White "Gibson, Kevin"]
[Black "Thomas, Daniel"]
[Result "0-1"]
[WhiteElo "2107"]
[BlackElo "2124"]
[PlyCount "74"]
[GameId "2160767910231392"]
[EventDate "2009.03.19"]
[EventType "tourn"]
[EventRounds "12"]
[EventCountry "CAN"]
[SourceTitle "EXT 2022"]
[Source "ChessBase"]
[SourceDate "2021.10.06"]
[SourceVersion "1"]
[SourceVersionDate "2021.10.06"]
[SourceQuality "1"]

1. d4 Nf6 2. c4 c5 3. d5 e6 4. Nc3 exd5 5. cxd5 d6 6. e4 g6 7. Nf3 Bg7 8. Bd3 O-O 9. h3 a6 10. a4 Nbd7 11. a5 Re8 12. O-O c4 13. Bxc4 Nxe4 14. Nxe4 Rxe4 15. Bd3 Re8 16. Ra2 Nc5 17. Bc2 Bd7 18. Re1 Bb5 19. b4 Rxe1+ 20. Qxe1 Nd3 21. Bxd3 Bxd3 22. Be3 Qd7 23. Qd2 Qb5 24. Ra3 Bc4 25. Bd4 Bxd4 26. Qxd4 Bxd5 27. Rd3 Bxf3 28. Rxf3 d5 29. h4 h5 30. g4 hxg4 31. Qxg4 Re8 32. h5 Qc4 33. Rf4 Qc1+ 34. Kh2 Re1 35. Qf3 Rh1+ 36. Qxh1 Qxf4+ 37. Kh3 Qf5+ 0-1

[Event "London CC-ch A"]
[Site "London CAN"]
[Date "2009.05.14"]
[Round "9"]
[White "Mandoshkin, Jake"]
[Black "Francis, Robert James"]
[Result "1-0"]
[WhiteElo "1959"]
[BlackElo "1909"]
[PlyCount "90"]
[GameId "2160767910231393"]
[EventDate "2009.03.19"]
[EventType "tourn"]
[EventRounds "12"]
[EventCountry "CAN"]
[SourceTitle "EXT 2022"]
[Source "ChessBase"]
[SourceDate "2021.10.06"]
[SourceVersion "1"]
[SourceVersionDate "2021.10.06"]
[SourceQuality "1"]

1. e4 c6 2. d4 d5 3. exd5 cxd5 4. Nf3 Nf6 5. Bf4 Nc6 6. c3 Bf5 7. Bd3 Bxd3 8. Qxd3 e6 9. Nbd2 Bd6 10. Be5 h6 11. O-O O-O 12. Rfe1 a6 13. a4 Ng4 14. Bxd6 Qxd6 15. a5 Qc7 16. b4 Na7 17. Nb3 Nf6 18. Ne5 Nb5 19. Nc5 Ne4 20. Qf3 Rfe8 21. Re3 Nbd6 22. Qf4 Qe7 23. f3 Qf6 24. Qg4 Nxc5 25. dxc5 Nf5 26. Re2 Red8 27. Rd1 Ne7 28. Qg3 Nc6 29. Qe1 Nxe5 30. Rxe5 Rac8 31. Rd4 Rc7 32. Re2 Rcd7 33. f4 Kf8 34. Red2 Qe7 35. Qd1 Kg8 36. h3 Kf8 37. Kh1 f6 38. Kh2 Qf7 39. c4 e5 40. Rxd5 Rxd5 41. Rxd5 Re8 42. Rd8 Qxc4 43. Qd6+ Kf7 44. Rd7+ Kg6 45. Qd3+ e4 1-0

[Event "London CC-ch A"]
[Site "London CAN"]
[Date "2009.05.14"]
[Round "9"]
[White "Ruelland, Geoffrey"]
[Black "Zendrowski, Jay"]
[Result "0-1"]
[WhiteElo "1989"]
[BlackElo "2275"]
[PlyCount "90"]
[GameId "2160767910231394"]
[EventDate "2009.03.19"]
[EventType "tourn"]
[EventRounds "12"]
[EventCountry "CAN"]
[SourceTitle "EXT 2022"]
[Source "ChessBase"]
[SourceDate "2021.10.06"]
[SourceVersion "1"]
[SourceVersionDate "2021.10.06"]
[SourceQuality "1"]

1. e4 c5 2. Nf3 Nc6 3. Nc3 e6 4. d4 cxd4 5. Nxd4 a6 6. Be3 Qc7 7. Be2 Nf6 8. O-O Be7 9. f4 d6 10. Qd2 O-O 11. Bf3 Bd7 12. a4 b6 13. Qf2 Rab8 14. Nxc6 Bxc6 15. Rfd1 Qb7 16. Rd4 d5 17. exd5 exd5 18. b4 b5 19. a5 Ne4 20. Bxe4 dxe4 21. Rad1 Bf6 22. Ne2 Bxd4 23. Bxd4 f5 24. Ng3 e3 25. Bxe3 Rbe8 26. Bd4 Rf7 27. c3 Qd7 28. Qc2 Rd8 29. Re1 Re8 30. Be5 Qe6 31. Ne2 Qg6 32. Nd4 Be4 33. Qf2 h5 34. Re3 Rd7 35. Rg3 Qh6 36. Re3 Kh7 37. Qe2 g6 38. Kf2 Rxe5 39. fxe5 Qf4+ 40. Nf3 Bxf3 41. Qxf3 Qxh2 42. Qg3 Qxg3+ 43. Kxg3 g5 44. e6 Re7 45. Re5 Kg6 0-1

[Event "London CC-ch A"]
[Site "London CAN"]
[Date "2009.05.14"]
[Round "9"]
[White "Surlan, Dan"]
[Black "Riley, Kelly"]
[Result "0-1"]
[WhiteElo "2159"]
[BlackElo "2005"]
[PlyCount "39"]
[GameId "2160767910231395"]
[EventDate "2009.03.19"]
[EventType "tourn"]
[EventRounds "12"]
[EventCountry "CAN"]
[SourceTitle "EXT 2022"]
[Source "ChessBase"]
[SourceDate "2021.10.06"]
[SourceVersion "1"]
[SourceVersionDate "2021.10.06"]
[SourceQuality "1"]

1. f3 e5 2. Nh3 d5 3. Nf2 Bc5 4. e3 Nc6 5. b3 Qe7 6. Bb2 f5 7. Bb5 Bd7 8. O-O Nf6 9. Nd3 Bd6 10. a4 e4 11. Nf2 exf3 12. gxf3 a6 13. Bxc6 Bxc6 14. Nc3 O-O-O 15. Ne2 g5 16. Nd4 Bd7 17. Nd3 Rhg8 18. Kh1 g4 19. fxg4 Nxg4 20. Nf4 0-1

[Event "London CC-ch A"]
[Site "London CAN"]
[Date "2009.05.21"]
[Round "10"]
[White "Demmery, Steve"]
[Black "Riley, Kelly"]
[Result "1-0"]
[WhiteElo "2125"]
[BlackElo "2005"]
[PlyCount "39"]
[GameId "2160767910231396"]
[EventDate "2009.03.19"]
[EventType "tourn"]
[EventRounds "12"]
[EventCountry "CAN"]
[SourceTitle "EXT 2022"]
[Source "ChessBase"]
[SourceDate "2021.10.06"]
[SourceVersion "1"]
[SourceVersionDate "2021.10.06"]
[SourceQuality "1"]

1. d4 Nf6 2. c4 g6 3. Nc3 d5 4. cxd5 Nxd5 5. Na4 Bg7 6. Nf3 O-O 7. e3 c6 8. Be2 Nf6 9. O-O Qc7 10. Bd2 Nbd7 11. Rc1 e5 12. dxe5 Nxe5 13. Nxe5 Qxe5 14. Bc3 Qc7 15. Nc5 Rd8 16. Qa4 Rd5 17. Nd3 g5 18. e4 Bg4 19. f3 Rxd3 20. Bxd3 1-0